01462nam a2200241Ia 4500001000900000003001000009008004100019040002500060041001200085100002300097245011800120250001100238260006800249300001200317500026400329501011400593520026400707650003700971942000701008957000601015999004101021952015801062L100-550IT-CnALBA170116s9999||||xx |||||||||||||| ||und|| aIT-CnALBAcIT-CnALBA aLATINO  aBOYER CAROLUS, SJ. 0aCURSUS PHILOSOPHIAE. VOL. II - PSYCOLOGIA VITAE SENSITIVAE ET INTELLECTIVAE - METAPH. - TEOL. NATURALIS - ETHICA  a1a ed. aBRUGES & PARISbDESCLEE DE BROUWER ET C. c1940 [1° Ed.: n.d.] a598 p.  aLETTERA DEL CARD. PACELLI. PSICOLOGIA. SENSI INTERNI ED ESTERNI. VITA INTELLETTIVA. INTELLETTO VOLONTÀ ANIMA INTELLETTIVA. ORIGINE DELL'UOMO. METAFISICA GENERALE. LA VERITÀ IL VERO IL BELLO PRINCIPI DELL'ENTE COMPOSTO. TEOLOGIA NATURALE. ESISTENZA DI DIO. aSocietà San Paolo EM - Piazza San Paolo, 14 - 12051 ALBA (CN) (non commercial uses only) ® Copyright 2017 aLETTERA DEL CARD. PACELLI. PSICOLOGIA. SENSI INTERNI ED ESTERNI. VITA INTELLETTIVA. INTELLETTO VOLONTÀ ANIMA INTELLETTIVA. ORIGINE DELL'UOMO. METAFISICA GENERALE. LA VERITÀ IL VERO IL BELLO PRINCIPI DELL'ENTE COMPOSTO. TEOLOGIA NATURALE. ESISTENZA DI DIO. aFILOSOFIA E DISCIPLINE COLLEGATE cBK 71 a649bSI g Copie: 1 c259786d259786 0010406L_10055071aALBAbALBAd2017-01-16l0oL100-550r2017-01-16 00:00:00w2017-01-16yBKz(data import: 16 gennaio 2017) - By Epidotti, Vaglietti.